书目信息 |
| 题名: |
这本书可能救你的命
|
|
| 作者: | 拉詹 著 ;胡小锐 译 | |
| 分册: | ||
| 出版信息: | 北京 中信出版集团股份有限公司 2024.11 |
|
| 页数: | XII, 306页 | |
| 开本: | 23cm | |
| 丛书名: | ||
| 单 册: | ||
| 中图分类: | R161 | |
| 科图分类: | ||
| 主题词: | 保健--bao jian--基本知识 | |
| 电子资源: | ||
| ISBN: | 978-7-5217-6957-9 | |
| 000 | 01678nam0 2200289 450 | |
| 001 | 95899 | |
| 005 | 20250911101201.84 | |
| 010 | @a978-7-5217-6957-9@dCNY69.00 | |
| 100 | @a20241226d2024 em y0chiy50 ea | |
| 101 | 1 | @achi@ceng |
| 102 | @aCN@b110000 | |
| 105 | @aa z 000yy | |
| 106 | @ar | |
| 200 | 1 | @a这本书可能救你的命@Azhe ben shu ke neng jiu ni de ming@e幽默有趣的人体维修指南@f(英) 卡兰·拉詹著@d= This book may save your life@eeveryday health hacks to worry less and live better@fKaran Rajan@g胡小锐译@zeng |
| 210 | @a北京@c中信出版集团股份有限公司@d2024.11 | |
| 215 | @aXII, 306页@c图@d23cm | |
| 300 | @a鹦鹉螺 | |
| 314 | @a卡兰·拉詹博士 (Dr Karan Rajan), 帝国理工学院医学博士, 英国皇家外科学院成员, 英国国家医疗服务体系 (NHS) 外科医生, 桑德兰大学医学院的高级临床讲师, 曾在伦敦帝国理工学院任职。他将自己对教育、健康和科学的热情融入到演讲活动中, 并在牛津大学、伦敦帝国理工学院、伯明翰大学等场合发表过主旨演讲。胡小锐, 资深译者, 上海外国语大学英语语言文学硕士, 长期从事大学英语教学与翻译工作, 已出版《魔鬼数学》《引力波》《人类的第一步》《生命的时间轴》《超级生物探寻指南》等20余部译著。 | |
| 330 | @a本书从肠道、心脏、肺、触觉、视觉、听觉、免疫系统等方方面面入手, 总结了人体的一些奇怪而奇妙的功能, 并提供了实用的建议来帮助你如何获得更健康的身体。 | |
| 500 | 10 | @aThis book may save your life : everyday health hacks to worry less and live better@mChinese |
| 517 | 1 | @a幽默有趣的人体维修指南@Ayou mo you qu de ren ti wei xiu zhi nan |
| 606 | 0 | @a保健@Abao jian@x基本知识 |
| 690 | @aR161@v5 | |
| 701 | 1 | @a拉詹@Ala zhan@g(Rajan, Karan)@4著 |
| 702 | 0 | @a胡小锐@Ahu xiao rui@4译 |
| 801 | 0 | @aCN@c20250909 |
| 905 | @a河南城建学院图书馆@dR161@eL019@f3 | |
| 这本书可能救你的命:幽默有趣的人体维修指南/(英) 卡兰·拉詹著= This book may save your life:everyday health hacks to worry less and live better/Karan Rajan/胡小锐译.-北京:中信出版集团股份有限公司,2024.11 |
| XII, 306页:图;23cm |
| 鹦鹉螺 |
| ISBN 978-7-5217-6957-9:CNY69.00 |
| 本书从肠道、心脏、肺、触觉、视觉、听觉、免疫系统等方方面面入手, 总结了人体的一些奇怪而奇妙的功能, 并提供了实用的建议来帮助你如何获得更健康的身体。 |
| ● |
| 相关链接 |
|
|
|
正题名:这本书可能救你的命
索取号:R161/L019
 
预约/预借
| 序号 | 登录号 | 条形码 | 馆藏地/架位号 | 状态 | 备注 |
| 1 | 1630030 | 216300303 | 自科库401/401自科库 3排4列3层/ [索取号:R161/L019] | 在馆 | |
| 2 | 1630031 | 216300312 | 自科库401/401自科库 3排4列3层/ [索取号:R161/L019] | 在馆 | |
| 3 | 1630032 | 216300321 | 自科库401/401自科库 3排4列3层/ [索取号:R161/L019] | 在馆 |